| Registos Bibliográficos associados ao registo de autoridade |
|
Etiqueta de registo: 00699cam 22002291 450 001 432846 003 http://id.bnportugal.gov.pt/bib/catbnp/432846 005 19981231000000.0 095 ## $aPTBN00461971 100 ## $a19930427d1965 km y0pory0103 ba 101 1# $apor$ceng 102 ## $aPT 200 1# $aIntrodução à pintura$fThomas Bodkin$gtrad. Maria Isabel Morna Braga e Henrique Fiúza 210 #9 $aLisboa$cPortugália Editora,$d1965 215 ## $a326, [3] p.$cil.$d17 cm 225 2# $a O livro de bolso$v73-75 304 ## $aTít. orig.: Approach to painting 700 #1 $aBodkin,$bThomas,$f1887-1961$3266798 702 #1 $aBraga,$bIsabel,$f1919-$4730$316462 702 #1 $aFiúza,$bHenrique$4730$379151 801 #0 $aPT$bBN$gRPC 966 ## $lBN$mFGMON$sB.A. 3789 P. 998 ## $aCI356-248
Etiqueta de registo: 00586cam 02200193 04500 001 303763 003 http://id.bnportugal.gov.pt/bib/catbnp/303763 100 ## $a19890525d1947 m y0pora01030103ba 101 0# $aeng 102 ## $aPT 105 ## $aa z 000yy 106 ## $ar 200 1# $aMediaeval English alabaster-work in Portugal$fThomas Bodkin 210 #9 $aLisboa$c[s.n.],$d1947 215 ## $a6, [2] p.$cil.$d25 cm 305 ## $aSep. de: Museu Nacional de Arte Antiga, 1 675 ## $a73.02$vmed$zpor$3295707 700 #1 $aBodkin,$bThomas,$f1887-1961$3266798 801 #0 $aPT$bBN$gRPC 966 ## $lBN$mFGMON$sB.A. 9818 V.
Etiqueta de registo: 00439cam 2200181 450 001 1028903 003 http://id.bnportugal.gov.pt/bib/catbnp/1028903 005 20000725000000.0 100 ## $a20000725f19401959m y0pory0103 ba 101 0# $apor 102 ## $aPT 105 ## $ay z 000yy 106 ## $ar 200 1# $aReynolds e Gainsborough$fThomas Bodkin 210 #9 $a[S.l.$cs.n.,$d195-] 215 ## $a12 p.$d25 cm 700 #1 $aBodkin,$bThomas,$f1887-1961$3266798 801 #0 $aPT$bBN$gRPC 966 ## $lBN$mFGMON$sH.G. 18855//9 V. $x0
|
|
|